00357nam a2200145Ia 4500008004100000020001500041041001200056082001600068100001600084245004000100260003100140300000800171650001500179700001700194221030s9999 xx 000 0 und d a8126117729 aEnglish a105.23bSud aA. S. Sudan 0aOrganisation Effectiveness & Change bAnmol PubaNew Delhic2004 a579 aManagement aNaveen Kumar